Dinheiro compra tudo? (Record no. 48419)

MARC details
000 -LÍDER
campo de controle de tamanho fixo 00359 a2200157 4500
001 - NÚMERO DE CONTROLE
campo de controle 48419
020 ## - ISBN - INTERNATIONAL STANDARD BOOK NUMBER
ISBN - International Standard Book Number 9788516102470
040 ## - FONTE DA CATALOGAÇÃO
Instituição que transcreveu o registro Anchieta - Bela Vista
100 ## - ENTRADA PRINCIPAL--NOME PESSOAL
Nome pessoal D´Aquino, Cássia
240 10 - TÍTULO UNIFORME
Título uniforme Dinheiro compra tudo?
Idioma da obra por
245 10 - TÍTULO
Título Dinheiro compra tudo?
300 ## - DESCRIÇÃO FÍSICA
Extensão 59
362 0# - DATAS DE PUBLICAÇÃO E/OU DESIGNAÇÃO SEQUENCIAL
Datas de publicação e/ou designação sequencial 2016
650 #4 - ASSUNTO--TERMO TÓPICO
Cabeçalho tópico ou nome geográfico Literatura infanto-juvenil
942 ## - ELEMENTOS DE ENTRADA ADICIONADOS (KOHA)
Tipo de material Koha Livros
Holdings
Situação do descarte Situação das perdas Situação física Não pode ser emprestado Biblioteca de origem Biblioteca atual Data de aquisição Total de empréstimos Número de chamada completo Código de barras Data de último acesso Data do preço efetivo Tipo de material Koha
        Colégio Anchieta - Bela Vista Colégio Anchieta - Bela Vista 21/11/2023   028.5 D999d DAQ DIN 366/BEL 21/11/2023 21/11/2023 Livros
        ESTA - SÃO BENTO ESTA - SÃO BENTO 30/04/2024   028.53 DAQ DIN EST00011619 30/04/2024 30/04/2024 Livros